| 000 | 00467nam a2200193Ia 4500 | ||
|---|---|---|---|
| 008 | 170203s9999 xx 000 0 und d | ||
| 020 | _a0-516251163 | ||
| 050 | _aFic | ||
| 050 | _bG385w | ||
| 100 | _aGerver, Jane. | ||
| 245 | _aWait for me! / | ||
| 245 | _cby Jane Gerver ; illustrated by Mick Reid. | ||
| 260 | _aNew York : | ||
| 260 | _bScholastic, | ||
| 260 | _c2005 | ||
| 300 | _a31 pages : | ||
| 300 | _bcolor illustrations ; | ||
| 300 | _c20 cm | ||
| 999 |
_c306488 _d306488 |
||